Automotive engines (Record no. 12154)

000 -LEADER
fixed length control field 00538nam a2200193 4500
001 - CONTROL NUMBER
control field 12154
003 - CONTROL NUMBER IDENTIFIER
control field BD-DhUET
008 - FIXED-LENGTH DATA ELEMENTS--GENERAL INFORMATION
fixed length control field 710511s1971 nyuah 001 0 eng
040 ## - CATALOGING SOURCE
Original cataloging agency DLC
Transcribing agency DLC
Modifying agency BD-DhUET
082 00 - DEWEY DECIMAL CLASSIFICATION NUMBER
Classification number 629.25
Item number CRO/1971
100 ## - MAIN ENTRY--PERSONAL NAME
Personal name Crouse, William H.
245 10 - TITLE STATEMENT
Title Automotive engines
Remainder of title construction, operation, and maintenance
250 ## - EDITION STATEMENT
Edition statement 4th ed.
260 ## - PUBLICATION, DISTRIBUTION, ETC. (IMPRINT)
Place of publication, distribution, etc. New York
Name of publisher, distributor, etc. McGraw-Hill
Date of publication, distribution, etc. 1971
300 ## - PHYSICAL DESCRIPTION
Extent 495 p.
Other physical details illus.
Dimensions 26 cm.
490 0# - SERIES STATEMENT
Series statement McGraw-Hill automotive technology series
650 #0 - SUBJECT ADDED ENTRY--TOPICAL TERM
Topical term or geographic name as entry element Automobiles
942 ## - ADDED ENTRY ELEMENTS (KOHA)
Koha item type General Book
Holdings
Price effective from Copy number Damaged status Lost status Koha normalized classification for sorting Koha date last seen Not for loan Source of classification or shelving scheme Withdrawn status Shelving location Piece designation (barcode) Date acquired Koha full call number Sublocation or collection (holding branch) Koha item type Location (home branch)
2015-02-241  629_250000000000000_CRO_19712015-02-24   Circulation section312202015-02-24629.25/CRO/1971Central Library, BUETGeneral BookCentral Library, BUET
2015-02-262  629_250000000000000_CRO_19712015-02-26   Circulation section347482015-02-26629.25/CRO/1971Central Library, BUETGeneral BookCentral Library, BUET
2015-05-113  629_250000000000000_CRO_19712015-05-11   Circulation section312232015-05-11629.25/CRO/1971Central Library, BUETGeneral BookCentral Library, BUET
2015-05-114  629_250000000000000_CRO_19712015-05-11   Circulation section312182015-05-11629.25/CRO/1971Central Library, BUETGeneral BookCentral Library, BUET
2015-06-205  629_250000000000000_CRO_19712015-06-20   Reading section263442015-06-20629.25/CRO/1971Central Library, BUETReading ItemCentral Library, BUET
2015-06-306  629_250000000000000_CRO_19712015-06-30   Reading section312212015-06-30629.25/CRO/1971Central Library, BUETReading ItemCentral Library, BUET